|
|
|
|
| LEADER |
00000nam a2200000 a 4500 |
| 001 |
UCY6161 |
| 003 |
CL-VaPUC |
| 008 |
950521e19820500MX |||||||||||||||||spa|d |
| 082 |
0 |
4 |
|a 150
|b MAS
|2 21
|
| 100 |
|
|
|a Maslow, Abraham Harold
|e autor
|9 335925
|
| 245 |
1 |
3 |
|a La amplitud potencial de la naturaleza humana
|
| 300 |
|
|
|a 398 p
|
| 942 |
|
|
|c BK
|
| 945 |
|
|
|d 19950521 00:00:00
|a cmena
|
| 260 |
|
|
|a Ciudad de México
|b Trillas
|c 1982
|
| 650 |
|
0 |
|a Psicología
|9 257863
|
| 650 |
|
0 |
|a Salud
|9 258663
|
| 650 |
|
0 |
|a Patología
|9 335879
|
| 650 |
|
0 |
|a Creatividad
|9 310816
|
| 650 |
|
0 |
|a Educación
|9 258661
|
| 650 |
|
0 |
|a Naturaleza humana
|9 308593
|
| 650 |
|
0 |
|a Sociedad
|9 307903
|
| 650 |
|
0 |
|a Cognición
|9 270347
|
| 650 |
|
0 |
|a Motivación
|9 315362
|
| 583 |
|
|
|a last modification
|c 19950521 00:00:00
|k Rodrigo Vera
|
| 999 |
|
|
|c 233741
|d 233739
|
| 952 |
|
|
|0 0
|1 0
|4 0
|6 150_000000000000000_MAS_1982
|7 0
|8 A
|9 239455
|a BIBEDU
|b BIBEDU
|d 2019-11-18
|i 150701K
|o 150 MAS 1982
|p 150701K
|r 2019-11-18
|w 2019-11-18
|y BK
|k EDU
|
| 952 |
|
|
|0 0
|1 0
|4 0
|6 150_000000000000000_MAS_1982
|7 0
|8 A
|9 239456
|a BIBEDU
|b BIBEDU
|d 2019-11-18
|i 1507028
|o 150 MAS 1982
|p 1507028
|r 2019-11-18
|w 2019-11-18
|y BK
|k EDU
|
| 952 |
|
|
|0 0
|1 0
|4 0
|6 150_000000000000000_MAS_1982
|7 0
|8 A
|9 239457
|a FDOPOS
|b FDOPOS
|d 2019-11-18
|i 1471163
|o 150 MAS 1982
|p 1471163
|r 2025-01-22
|w 2019-11-18
|y BK
|k MLA
|